000 00613nam a2200193Ia 4500
001 14949
003 GE_BSU
008 181216s||||||||xx |||||||||||||| ||und||
040 _cGE_BSU
080 _a515.95
100 _aБицадзе,А.В.
245 _aКраевые задачи для эллиптических уравнении второго порядка
260 _aМосква
260 _bНаука
260 _c1966
300 _a203стр.20см.
653 _aКраевые задачи для эллиптических уравнении второго порядка
942 _cBK
999 _c48069
_d48069